000 00326nam a22001457a 4500
005 20170401153215.0
008 170401b xxu||||| |||| 00| 0 eng d
041 _aeng
100 _aGHATAK , S
_93368
245 _aMINE VENTILATION VOL II
260 _bCOAL FIELDS
300 _a232
650 _aMINNING
_93779
942 _cBK
999 _c5388
_d5386